| 000 | 00392nam a22001217a 4500 | ||
|---|---|---|---|
| 008 | 230425b |||||||| |||| 00| 0 eng d | ||
| 040 |
_aNational Science Library _cNational Science Library |
||
| 080 |
_a528.5+62(083.8) _bK8 |
||
| 245 | _aCatalogue of surveying, engineering and drawing office requisites | ||
| 260 |
_aBombay: _bJ V Navlakhi 7 Co, _c1889 |
||
| 300 | _a101p. | ||
| 942 |
_2udc _cREF |
||
| 999 |
_c23418 _d23418 |
||